| 000 | 00727ngm a2200193 a 4500 | ||
|---|---|---|---|
| 005 | 20210219150017.0 | ||
| 008 | 991125s1970 mx 021 aaspa u | ||
| 035 | _aUPN01000005730 | ||
| 049 | _aAV | ||
| 050 | 4 | _aPVI H 0021 | |
| 245 | 0 | 0 | _aBienvenido a bordo. |
| 260 |
_aMéxico : _bPelículas Mel, _c[1970?]. |
||
| 300 |
_a1 videocasete (VHS) (21 min.) : _bson., col. |
||
| 520 | _aEste programa refuerza y enriquece los programas de adiestramiento, formación de equipos y supervisión, muestra la forma de inducir al trabajo y de orientar a los nuevos empleados | ||
| 500 | _aNúmero que le corresponde en el catálogo de películas Mel: 362 | ||
| 650 | 4 | _aINSTRUCCION | |
| 650 | 4 | _aSUPERVISION | |
| 905 | _aAudiovisuales | ||
| 999 |
_c5730 _d5730 |
||